000 00911nam a2200241 a 4500
001 BRCA_4462
005 20190320204659.0
008 060910s1907----enka######---#000-0#eng-#
041 _aeng
044 _anyu
050 4 _aDP17
_b.C35 18
_c1907
100 1 _aCalvert, Albert F.
_d1872-1946
_911308
245 1 0 _aGranada and the Alhambra
_bA brief description of the Ancient City of Granada with a particular account of the Moorish Palace
_cBy Albert F. Calvert.
260 _aLondres: Nueva York
_bJohn Lane, The Bodley Head
_c1907
300 _axxxvi, 88p. (v. 18)
_bil., 460 láminas
_c20 cm.
440 0 _aThe spanish series
_v18
_911309
500 _aIncluye índice de ilustraciones
500 _aCEO11
650 1 4 _aDecoración y ornamentación mahometanas
_eDiseño decorativos
_xPalacios
_zAlhambra, España
_911310
651 4 _aEspaña
_vDescripción y viajes
_911311
902 _aGFM
942 _2lcc
_cB
999 _c4168
_d4168